LEADER 00888nam a2200205 i 4500 001 000000203998 003 CaOOAMICUS 005 20131018000000.0 008 131018s2007 it u000 u fre u 013 $a182715 040 $aSeMil$bita 245 10$a"Dieu a voulu nous apporter un encouragement puissant" :$bHeb 6,18. Lettre d'encouragement aux prêtres. 260 $aBruxelles :$bEditions Licap,$c2007. 300 $a32 p :$bill. ;$c21 cm. 650 4$aPresbiteri - Formazione.$0(OLS)http://semarc/subject/12217 850 $aSeMil 852 $aSeMil$W1$xVenegono$y1$m5D X 19/19$j154492$B154492$CSeMilBibl$Z2$F165340 $81 961 $aOmaggio: Altro 996 $6245$a"Dieu a voulu nous apporter un encouragement puissant" :$bHeb 6,18. Lettre d'encouragement aux prêtres$9(OLS)http://semarc/title/295570 996 $6260$aBruxelles :$bEditions Licap$9(OLS)http://semarc/publisher/38026 LEADER 01201nam a2200265 i 4500 001 000000209649 003 CaOOAMICUS 005 20160629000000.0 008 160629s1959 it u000 u ita u 013 $a188439 040 $aSeMil$bita 100 1 $aCamilleri, Nazareno.$0(OLS)http://semarc/name/26691 245 10$aDefensor puritatis :$bPP. Pio 12. e il problema della purezza nei giovani /$cNazareno Camilleri. 260 $aTorino [etc.] :$bSEI,$c1959. 300 $a71 p. :$b1 ritr. ;$c24 cm . 490 0 $aBiblioteca del Salesianum ;$v56 600 04$aPio XII .$0(OLS)http://semarc/subject/687 650 4$aAdolescenti - Educazione sessuale.$0(OLS)http://semarc/subject/30224 650 4$aPurezza - Virtù.$0(OLS)http://semarc/subject/10710 830 0$aBiblioteca del Salesianum ;$v56.$0(OLS)http://semarc/title/21684 850 $aSeMil 852 $aSeMil$W1$xVenegono$y1$m3A IV 56$j160100$B160100$CSeMilBibl$Z2$F213151 $81 961 $aLascito: Calori don Carlo 996 $6245$aDefensor puritatis :$bPP. Pio 12. e il problema della purezza nei giovani$9(OLS)http://semarc/title/303025 996 $6260$aTorino [etc.] :$bSEI$9(OLS)http://semarc/publisher/32375